000 00317 a2200169 4500
001 175434
020 _a85-02-04030-8
040 _cMagnum
100 _aLopes, Sônia
240 1 0 _aBio 3
_lpor
245 1 0 _aBio 3
300 _a414
362 0 _a2003
440 1 _aSaraiva
697 _aBIOLOGIA
942 _cBK
999 _c175434
_d175434